Nová media umění a vědy /

Hlavní autor: Liška, Václav, 1960-
Další autoři: Sedláček, Miloš, 1956-
Jazyk: Čeština
Vydáno: Praha : České vysoké učení technické v Praze, 2012
Vydání: Vyd. 1.
Témata:
Fyzický popis: [9] s. : il. (některé barev.) ; 21 cm + 3 brožury ([11, 3, 11] s.)
Knihy
Uloženo v:
LEADER 02575nam a2200673 a 4500
001 nkc20132473301
003 CZ PrNK
005 20130923103339.0
007 ta
008 130701s2012 xr a e c 000 0dcze
015 |a cnb002473301 
020 |a 978-80-01-05104-7  |q (brož.) 
035 |a (OCoLC)859738040 
040 |a BOA001  |b cze  |d ABA001 
043 |a e-xr--- 
045 |a y0y1 
072 7 |a 72/76  |x Výtvarné umění  |2 Konspekt  |9 21 
080 |a 37.014.542  |2 MRF 
080 |a 72/76:159.931  |2 MRF 
080 |a 72/76:316.774  |2 MRF 
080 |a 7.036/.038  |2 MRF 
080 |a (437.3)  |2 MRF 
080 |a (083.824)  |2 MRF 
100 1 |a Liška, Václav,  |d 1960-  |7 ntka173243  |4 aut 
245 1 0 |a Nová media umění a vědy /  |c Václav Liška, Miloš Sedláček 
250 |a Vyd. 1. 
260 |a Praha :  |b České vysoké učení technické v Praze,  |c 2012 
300 |a [9] s. :  |b il. (některé barev.) ;  |c 21 cm +  |e 3 brožury ([11, 3, 11] s.) 
500 |a Název z obálky 
500 |a Názvy brožur: Bohuslav Šír; Miloš Sedláček; Zdeněk Durdil 
500 |a Životopisná data a přehled výstav 
500 |a Vše uloženo ve společném přebalu 
500 |a 150 výt. 
600 1 7 |a Durdil, Zdeněk,  |d 1977-  |7 jx20130903001  |2 czenas 
600 1 7 |a Sedláček, Miloš,  |d 1956-  |7 mzk2013769732  |2 czenas 
600 1 7 |a Šír, Bohuslav,  |d 1956-  |7 jn20000402956  |2 czenas 
610 2 7 |a Nová média ve vědě a výzkumu (projekt)  |7 mzk2012692155  |2 czenas 
648 7 |a 2009-2012  |7 ch967331  |2 czenas 
648 7 |a 2001-2020  |7 ch460601  |2 czenas 
648 7 |a 21. století  |7 ch460559  |2 czenas 
650 0 7 |a vzdělávací projekty  |7 ph242428  |z Česko  |y 2001-2020  |2 czenas 
650 0 7 |a vizuální umění  |7 ph220318  |z Česko  |y 21. století  |2 czenas 
650 0 7 |a mediální umění  |7 ph122738  |z Česko  |y 21. století  |2 czenas 
650 0 7 |a moderní umění  |7 ph115340  |z Česko  |2 czenas 
650 0 9 |a educational projects  |z Czechia  |y 2001-2020  |2 eczenas 
650 0 9 |a visual art  |z Czechia  |y 21st century  |2 eczenas 
650 0 9 |a media arts  |z Czechia  |y 21st century  |2 eczenas 
650 0 9 |a modern art  |z Czechia  |2 eczenas 
655 7 |a katalogy výstav  |7 fd132536  |2 czenas 
655 9 |a exhibition catalogs  |2 eczenas 
700 1 |a Sedláček, Miloš,  |d 1956-  |7 mzk2013769732  |4 aut 
740 0 2 |a Bohuslav Šír 
740 0 2 |a Miloš Sedláček 
740 0 2 |a Zdeněk Durdil 
910 2 |a BOA001  |b 2-1308.117 
990 |a BK 
995 |a 01 
991 |b 201307  |e n 
996 6 |b 2610554873  |c 2-1308.117  |l MZK  |r Sklad / do 1 hodiny  |n 14  |p p.v.  |w 001342298  |u 000010  |a 1  |e BOA001  |j MZK50  |s P